000
00314nam a22001337a 4500
008
170825b xxu||||| |||| 00| 0 eng d
020
_a
2900073135273
041
_a
eng
080
_2
4TH
_a
070
100
_a
39
101
_a
MED
245
_a
INTERCULTURAL COMMUNICATION IN CONTEXTS
_c
MARTIN,J,N
942
_2
udc
_c
BK
999
_c
25113
_d
25113